Development and applications of free electron lasers / (Record no. 175538)
[ view plain ]
| 000 -LEADER | |
|---|---|
| fixed length control field | 01104 a2200229 4500 |
| 003 - CONTROL NUMBER IDENTIFIER | |
| control field | Nust |
| 005 - DATE AND TIME OF LATEST TRANSACTION | |
| control field | 20220803153007.0 |
| 010 ## - LIBRARY OF CONGRESS CONTROL NUMBER | |
| LC control number | 99519262 |
| 020 ## - INTERNATIONAL STANDARD BOOK NUMBER | |
| International Standard Book Number | 9056995022 |
| 035 ## - SYSTEM CONTROL NUMBER | |
| System control number | (OCoLC)ocm37214927 |
| 040 ## - CATALOGING SOURCE | |
| Transcribing agency | Nust |
| 082 ## - DEWEY DECIMAL CLASSIFICATION NUMBER | |
| Classification number | 621.31921,DEV |
| 245 10 - TITLE STATEMENT | |
| Title | Development and applications of free electron lasers / |
| Statement of responsibility, etc. | edited by Jia-er Chen ... [et al.]. |
| 260 ## - PUBLICATION, DISTRIBUTION, ETC. | |
| Place of publication, distribution, etc. | Amsterdam : |
| Name of publisher, distributor, etc. | Gordon and Breach Science Publishers, |
| Date of publication, distribution, etc. | c1997. |
| 300 ## - PHYSICAL DESCRIPTION | |
| Extent | xiii, 154 p. : |
| Other physical details | ill. ; |
| Dimensions | 24 cm. |
| 490 1# - SERIES STATEMENT | |
| Series statement | China Center of Advanced Science and Technology (World Laboratory) Symposium/Workshop proceedings, |
| International Standard Serial Number | 0894-2536 ; |
| Volume/sequential designation | v. 12 |
| 505 ## - FORMATTED CONTENTS NOTE | |
| Formatted contents note | High Brightness Beams And Applications (Page-1), Applications Of Free-Electron Lasers (Page-49), Free Electron Laser Research In China (Page-61), Infrared Free-Electron Lasers (Page-79), New Intense Electron Beam Generation (Page-117), Free Electron Lasers (Page-133). |
| 650 #0 - SUBJECT ADDED ENTRY--TOPICAL TERM | |
| Topical term or geographic name entry element | Telecommunication Engineering. |
| 700 1# - ADDED ENTRY--PERSONAL NAME | |
| Personal name | Chen, Jia-er. |
| 9 (RLIN) | 96464 |
| 856 42 - ELECTRONIC LOCATION AND ACCESS | |
| Materials specified | Publisher description |
| Uniform Resource Identifier | <a href="http://www.loc.gov/catdir/enhancements/fy0731/99519262-d.html">http://www.loc.gov/catdir/enhancements/fy0731/99519262-d.html</a> |
| 942 ## - ADDED ENTRY ELEMENTS (KOHA) | |
| Koha item type | Reference |
| Source of classification or shelving scheme | |
| Withdrawn status | Lost status | Source of classification or shelving scheme | Damaged status | Not for loan | Permanent Location | Current Location | Shelving location | Date acquired | Full call number | Barcode | Date last seen | Price effective from | Koha item type | Public note |
|---|---|---|---|---|---|---|---|---|---|---|---|---|---|---|
| Military College of Signals (MCS) | Military College of Signals (MCS) | Reference | 12/12/2016 | 621.31921,DEV | MCS26654 | 12/08/2016 | 12/12/2016 | Reference | Almirah No.20, Shelf No.4 |
